000 00321pam a2200133 a 4500
020 _c
041 _h
082 _a658.562
_bFET
100 _aFETTER R.B.,
245 _aQULITY CONTROL SYSTEMS
_hTextual Documents
260 _aBOMBAY
_bD.B. TARAPORENVALA SONS and CO PVT LTD
_c1967
300 _aVII+141
930 _a7980
999 _c127436
_d127436